Moscú mira hacia América Latina: estado de situación de la alianza ruso-venezolana /
En este artículo se analizan las variables estructurales y las implicaciones hemisféricas de la alianza ruso-venezolana entre 1999 y la actualidad. Para ello, se estudia en primer término la presencia rusa en América Latina, haciendo especial énfasis en los aliados latinoamericanos y en los objetivo...
שמור ב:
| מחבר ראשי: | |
|---|---|
| מחברים אחרים: | |
| פורמט: | Texto |
| נושאים: | |
| תגים: |
הוספת תג
אין תגיות, היה/י הראשונ/ה לתייג את הרשומה!
|
MARC
| LEADER | 00000 a a2200000 04500 | ||
|---|---|---|---|
| 001 | 44118 | ||
| 003 | |||
| 040 | |||
| 100 | |a Boersner, Adriana | ||
| 245 | |a Moscú mira hacia América Latina: |b estado de situación de la alianza ruso-venezolana / |c Adriana Boersner, Makram Haluani | ||
| 500 | |a aboersner@unimet.edu.ve |a mhaluani@usb.ve | ||
| 520 | |a En este artículo se analizan las variables estructurales y las implicaciones hemisféricas de la alianza ruso-venezolana entre 1999 y la actualidad. Para ello, se estudia en primer término la presencia rusa en América Latina, haciendo especial énfasis en los aliados latinoamericanos y en los objetivos de esta representación en plena Guerra Fría y la reformulación de la política exterior tras la disolución de la Unión Soviética. Luego, se detallan las convergencias y divergencias en las relaciones bilaterales entre Venezuela y la Federación de Rusia, y las implicaciones hemisféricas que tiene la profundización de las relaciones bilaterales a partir de 1999. | ||
| 590 | |a SJB/NOVIEMBRE2012 | ||
| 650 | |a POLITICA EXTERIOR | ||
| 650 | |a ALIANZAS | ||
| 650 | |a PETROLEO | ||
| 650 | |a RUSIA | ||
| 650 | |a VENEZUELA | ||
| 650 | |a ESTADOS UNIDOS | ||
| 700 | |a Haluani, Makram | ||
| 773 | |g número236 (2011), páginas 16-26 | ||
| 999 | |c 20272 |d 20272 | ||
